[Event "Moscow"]
[Site "Moscow"]
[Date "1989.??.??"]
[Round "?"]
[White "Janovsky, Sergey"]
[Black "Yuferov, Sergey N"]
[Result "0-1"]
[WhiteElo "2305"]
[BlackElo "2445"]
[Annotator "ChessBase"]
[PlyCount "44"]
[EventDate "1989.??.??"]
[EventType "game"]
[EventRounds "1"]
[EventCountry "URS"]
[SourceTitle "EXT 1999"]
[Source "ChessBase"]
[SourceDate "1998.11.16"]
[SourceVersion "1"]
[SourceVersionDate "1998.11.16"]
[SourceQuality "1"]

1. e4 c5 2. c3 Nf6 3. e5 Nd5 4. d4 cxd4 5. Nf3 e6 6. cxd4 b6 7. Nc3 Bb7 8. Bd3
Be7 (8... Nxc3 9. bxc3 Qc7) 9. O-O O-O 10. Re1 f5 11. exf6 Nxf6 12. Ne5 Nc6 13.
Bb1 Qe8 14. a3 {/\ Ba2} Rd8 15. Ba2 $2 Nxe5 16. dxe5 (16. Rxe5 Bd6 $1) 16...
Qg6 17. f3 Bxf3 $1 18. Qxf3 Ng4 19. Qe4 Bc5+ 20. Be3 Nxe3 21. Qxe3 (21. Rxe3
Qxe4 $1) (21. Qxg6 Nc2+ $1) 21... Bxe3+ 22. Rxe3 Rf4 0-1

[Event "Interzonal-15"]
[Site "Manila"]
[Date "1990.??.??"]
[Round "6"]
[White "Yudasin, Leonid"]
[Black "Georgiev, Kiril"]
[Result "1/2-1/2"]
[WhiteElo "2615"]
[BlackElo "2580"]
[Annotator "ChessBase"]
[PlyCount "101"]
[EventDate "1990.06.29"]
[EventType "swiss"]
[EventRounds "13"]
[EventCountry "PHI"]
[SourceTitle "CBM 019"]
[Source "ChessBase"]
[SourceDate "1990.12.01"]
[SourceVersion "1"]
[SourceVersionDate "1990.12.01"]
[SourceQuality "1"]

1. e4 c5 2. c3 Nf6 3. e5 Nd5 4. d4 cxd4 5. Nf3 Nc6 6. Bc4 Nb6 7. Bb3 d6 8. exd6
Qxd6 9. O-O Be6 10. Na3 Bxb3 11. Qxb3 Qd5 12. Nb5 Rc8 13. Nfxd4 Nxd4 14. Nxd4
e6 15. Be3 Nc4 16. Bf4 Be7 17. Rad1 O-O 18. Rfe1 Nb6 19. Nb5 Qxb3 20. axb3 a6
21. Nd6 Bxd6 22. Bxd6 Rfd8 23. Bg3 Nd5 24. Kf1 Kf8 25. c4 Ne7 26. Bc7 Rxd1 27.
Rxd1 Ke8 28. Bb6 h5 29. Ke2 Nf5 30. h3 Rc6 31. c5 Rc8 32. g4 Ne7 33. b4 Nd5 34.
Ba5 hxg4 35. hxg4 Kd7 36. Rh1 Kc6 37. Rh7 Rg8 38. g5 Kb5 39. Rh4 Ka4 40. Kd3
Kb3 41. Kd4 Nxb4 42. Rh3+ Ka4 43. Bc7 Kb5 44. Bd6 Rd8 45. Ke4 Rd7 46. g6 fxg6
47. Rg3 b6 48. c6 $1 (48. Rg5 Kc6) (48. Rxg6 bxc5 $17) (48. Ke5 bxc5 49. Kxe6
Rb7 50. Rxg6 Nd3 $15) 48... Nxc6 $1 (48... Kxc6 49. Bxb4 $18) (48... Rxd6 49.
c7 Rc6 50. Rc3 $18) 49. Rb3+ Ka5 50. Ra3+ Kb5 51. Rb3+ 1/2-1/2

[Event "Rostock-08 IM Group"]
[Site "Rostock"]
[Date "1982.08.14"]
[Round "1"]
[White "Bernard, Ryszard"]
[Black "Heinig, Wolfram"]
[Result "1-0"]
[WhiteElo "2340"]
[BlackElo "2355"]
[Annotator "ChessBase"]
[PlyCount "81"]
[EventDate "1982.08.14"]
[EventType "tourn"]
[EventRounds "9"]
[EventCountry "DDR"]
[EventCategory "4"]
[SourceTitle "MCL"]
[Source "ChessBase"]
[SourceDate "1999.07.01"]
[SourceVersion "1"]
[SourceVersionDate "1999.07.01"]
[SourceQuality "1"]

1. e4 c5 2. Nf3 e6 3. c3 d5 4. exd5 Qxd5 5. d4 Nf6 6. Bd3 Be7 7. O-O O-O 8. c4
(8. Qe2) 8... Qh5 (8... Qd8 9. dxc5 Na6 10. Qe2 Nxc5 $10) 9. dxc5 Rd8 10. Qe2
Nc6 11. Nc3 Bxc5 12. Ne4 Nxe4 13. Bxe4 Bd7 14. Bf4 Be8 15. Rad1 h6 16. h3 Be7
17. a3 a5 18. Bb1 Bf6 19. Bd6 a4 20. c5 Be7 21. Qe4 g6 22. Bxe7 Nxe7 23. Rxd8
Rxd8 24. Qxb7 Qxc5 25. Qe4 Kg7 26. Qf4 Qd6 27. Qe3 Rc8 28. Rc1 Nd5 29. Qd2
Rxc1+ 30. Qxc1 Nf4 31. Qe1 f6 32. Be4 e5 33. Qd2 Qb6 34. Kh2 h5 35. g3 Bc6 36.
Bxc6 Qxc6 37. gxf4 Qxf3 38. fxe5 fxe5 39. Kg1 $2 $138 Qxh3 40. Qd6 Qg4+ 41. Kf1
$138 1-0

[Event "Cappelle op 29th"]
[Site "Cappelle la Grande"]
[Date "2013.02.23"]
[Round "1"]
[White "Zhigalko, Andrey"]
[Black "Tugui, Adrian"]
[Result "1-0"]
[WhiteElo "2588"]
[BlackElo "2370"]
[Annotator "ChessBase Website"]
[PlyCount "57"]
[EventDate "2013.02.23"]
[EventType "swiss"]
[EventRounds "9"]
[EventCountry "FRA"]
[SourceTitle "CBM 153 Extra"]
[Source "ChessBase"]
[SourceDate "2013.04.22"]
[SourceVersion "1"]
[SourceVersionDate "2013.04.22"]
[SourceQuality "1"]

1. e4 c5 2. Nf3 a6 3. c3 d5 4. exd5 Qxd5 5. d4 e6 6. Bd3 Nf6 7. O-O Nc6 8. a3
cxd4 9. cxd4 Be7 10. Nc3 Qd6 11. Bg5 O-O 12. Qd2 b6 13. Bxf6 Bxf6 14. Ne4 Qd8
15. Nxf6+ Qxf6 16. Be4 Bb7 17. Ne5 Nxe5 18. Bxb7 Rad8 19. Rad1 Qe7 20. Bxa6 Nc6
21. Qc3 Rd6 22. Rd2 Rfd8 23. Rfd1 g6 24. Bc4 Na5 25. Ba2 Qd7 26. d5 exd5 27.
Rxd5 Qa4 {Was this a blunder or is there a reason White cannot take the rook
on d6?} 28. Qf3 (28. Rxd6 $2 Qxd1+ $1) 28... Nc4 29. Bxc4 1-0

[Event "Nussloch"]
[Site "Nussloch"]
[Date "1996.??.??"]
[Round "1"]
[White "Hracek, Zbynek"]
[Black "Piket, Jeroen"]
[Result "1-0"]
[WhiteElo "2650"]
[BlackElo "2570"]
[Annotator "Dautov,R"]
[PlyCount "85"]
[EventDate "1996.??.??"]
[EventType "tourn"]
[EventRounds "11"]
[EventCountry "GER"]
[EventCategory "15"]
[SourceTitle "CBM 053"]
[Source "ChessBase"]
[SourceDate "1996.08.01"]
[SourceVersion "1"]
[SourceVersionDate "1996.08.01"]
[SourceQuality "1"]

1. e4 {Blatny,P} c5 2. c3 Nf6 3. e5 Nd5 4. Nf3 e6 5. Bc4 (5. d4 $142 {Blatny,P}
cxd4 6. cxd4 d6) 5... Nb6 (5... d6 {Blatny,P}) 6. Bb3 {/\d4 [+]} c4 $6 {
Dieser frühzeitige Vorstoß räumt Weiß zu viele Möglichkeiten ein. Besser sieht
6...d5 7.exd6 Bxd6 aus.} (6... d5 {Blatny,P} 7. d4 Nc6 8. Be3 Nd7 9. O-O Qb6
$13 {Armstrong,A-Malarkey,J/SCO-chT2/1994/}) (6... d6 {Blatny,P} 7. O-O Nc6 (
7... Bd7 8. d4 cxd4 9. cxd4 Bc6 10. Nc3 Be7 11. exd6 Qxd6 12. Ne5 $14 {
Tzoumbas,A-Chernuschevich,A/EU-chJ U16 Herculane (05) / 1994/}) 8. exd6 Bxd6 9.
d4 O-O 10. Qe2 Bd7 11. dxc5 Bxc5 12. Nbd2 Qc7 $10 {Mohrlok,D-Klebel,M/BL2-S/
1993/}) 7. Bc2 d6 (7... Nc6 8. O-O d6 9. exd6 Bxd6 10. d4 Qc7 11. Nbd2 Bd7 12.
Qe2 Ne7 13. Ne4 Ng6 14. Nxd6+ Qxd6 15. Ne5 Nxe5 16. dxe5 Qc7 17. Bg5 h6 18. Bh4
g5 19. Bg3 O-O-O 20. f4 $14 {Magem Badals,J-San Segundo,P/Oviedo 45' 1992}) 8.
exd6 Bxd6 9. b3 $1 {Eine interessante Idee. Nach dem automatischen} (9. d4 {
kann Schwarz eine Blockade auf dem Punkt d5 errichten, z.B} Qc7 (9... cxd3 $6
10. Qxd3 Nc6 11. O-O Qc7 (11... Be7 $14 {Blatny,P}) 12. Rd1 $1 Be7 13. Na3 Bxa3
(13... a6 $5 {Blatny,P}) 14. bxa3 Nd7 (14... Bd7 $142 {Blatny,P} 15. Be3 O-O-O
$132) 15. a4 $1 {/\/^a3-f8} b6 {/\Nc5;/\Bb7,0-0-0} 16. Ba3 $40 {פd7 Magem
Badals,J-Illescas Cordoba,M/Pamplona (04) / 1992/}) 10. O-O Nd5 11. Nbd2 b5 $5
{u s.w.}) 9... Nc6 10. O-O Bd7 11. Qe2 cxb3 (11... Na5 12. d3 (12. b4 Nc6 13.
a4 a5 14. b5 Ne7 $13) 12... cxd3 13. Qxd3 Qc7 14. Rd1 $14) 12. axb3 Qe7 (12...
O-O $4 {Blatny,P} 13. Qd3 $18) 13. Ba3 {Weiß hat den Bauern c4 abgetauscht und
bekam dadurch eine mobile Bauernkette auf dem Damenflügel. Er hat es aber
nicht eilig mit ihrer Fortbewegung, erst werden eigene Figuren entwickelt.} (
13. Na3 a6 14. d4 O-O $13 (14... Nd5 $2 15. Nb5 $1)) (13. d4 Nd5 $13 (13... O-O
{Blatny,P} 14. Nbd2 Nd5 15. Ne4 $16) (13... Nd5 14. b4 {/\b5,c4 -> [+]})) 13...
Nd5 14. Bxd6 Qxd6 15. Na3 a6 16. Rfe1 (16. Nb5 Qb8 (16... Qe7 17. c4 Nd8 18.
Qe5 $14) 17. Nbd4 Nxd4 18. Nxd4 O-O 19. Rfe1 $14) 16... Rd8 17. Nc4 Qc7 18. Ng5
$1 (18. Ne3 {Blatny,P} Nxe3 (18... Nf4 19. Qf1 O-O (19... e5 $5 20. d4 O-O 21.
d5 $14) 20. d4 $14) 19. Qxe3 {/\d4 [+]}) 18... h6 19. Ne4 (19. Qh5 {Blatny,P}
Nf6 $2 (19... O-O $142 20. Bh7+ Kh8 21. Bc2 Bc8 22. Nh7 Rfe8 $13) 20. Nxe6 Bxe6
21. Rxe6+ Ne7 22. Rxf6 $40) 19... O-O 20. Ne3 Bc8 (20... Nce7 {Blatny,P ><d5})
(20... Nf4 {Blatny,P} 21. Qf3 e5 $13) 21. d4 {Nun ist die Zeit reif, und die
Bauern streben nach vorn.} Nf4 $1 (21... b6 22. Qd3 $14 {[%cal Rc2h7]}) 22. Qc4
(22. Qf3 $2 Ne7 {/\e5}) 22... b5 $5 (22... b6 23. b4 $5 Bb7 24. b5 axb5 25.
Qxb5 Ne7 $132) 23. Qc5 $14 Bb7 (23... b4 $2 24. g3 Nh3+ (24... Ng6 25. d5 exd5
26. Nxd5 $16) (24... Nd5 25. c4 Nxe3 26. fxe3 $16) 25. Kg2 bxc3 26. Kxh3 e5+
27. Kg2 exd4 28. Nf5 $1 $16 (28. Nd5 $2 Rxd5 29. Qxd5 Nb4) 28... Bxf5 (28... d3
$2 29. Qxc6 $18) 29. Qxf5 d3 30. Bxd3 Rxd3 31. Nf6+ $16) 24. Rad1 Rd7 25. c4 {
Der mit dem neunten Zug angefangene Plan steht kurz vor seiner Erfüllung, Weiß
bekommt einen Freibauern im Zentrum.} Rc8 $6 (25... bxc4 $5 26. bxc4 Rc8 27. d5
(27. Ba4 $2 Rxd4 $1 28. Rxd4 Nxd4 29. Qxd4 e5 30. Qa7 Bxe4 31. Qxa6 $15) 27...
exd5 28. Nxd5 (28. cxd5 $5) 28... Nxd5 29. cxd5 Ne5 30. Qxc7 Rcxc7 31. Bb3 Nc4
32. d6 Rc8 33. Rd4 Na3 $10) 26. d5 exd5 27. cxd5 Ne5 28. Qxc7 Rcxc7 29. d6 Rc8
30. b4 $1 Ne6 $6 (30... Bxe4 31. Bxe4 Rcd8 32. g3 (32. Nf5 $6 g6 33. Ne7+ $2
Kf8) 32... Ne6 33. f4 (33. Nf5 $14) 33... Nc4 34. Nxc4 bxc4 35. Rc1 Rxd6 36.
Rxc4 $10) (30... Ned3 31. Bxd3 Nxd3 32. Rxd3 Bxe4 33. Rd4 Bb7 $14) 31. f4 $1
$14 Bxe4 (31... Nxf4 32. Nc5 $18) (31... Nc4 32. Nc5 Nxc5 33. bxc5 $16 Rxc5 $2
34. Nxc4 Rxc4 35. Re8#) 32. Bxe4 Nxf4 $2 $138 (32... Nc4 33. Nxc4 (33. Nf5 Kf8)
33... bxc4 (33... Rxc4 $2 34. Bd5 Rxf4 35. Rxe6 fxe6 36. Bxe6+ Rff7 37. Rf1 $18
) 34. Bf5 Re8 35. Kf2 $14) (32... Nc4 $142 {Blatny,P}) 33. Bf5 Ne6 34. Nd5 $18
Kf8 35. Nb6 Rc6 36. Nxd7+ Nxd7 37. Bxe6 fxe6 38. Rxe6 Rc8 39. Re7 Rd8 40. h3
Kg8 41. Ra1 Nb8 42. Rc7 Kh7 43. Rd1 1-0

[Event "Bern op"]
[Site "Bern"]
[Date "1992.??.??"]
[Round "4"]
[White "Sveshnikov, Evgeny"]
[Black "King, Daniel J"]
[Result "1-0"]
[WhiteElo "2560"]
[BlackElo "2505"]
[Annotator "Dautov,R"]
[PlyCount "87"]
[EventDate "1992.02.??"]
[EventType "swiss"]
[EventRounds "9"]
[EventCountry "SUI"]
[SourceTitle "CBM 028"]
[Source "ChessBase"]
[SourceDate "1992.06.01"]
[SourceVersion "1"]
[SourceVersionDate "1992.06.01"]
[SourceQuality "1"]

1. e4 c5 2. c3 Nf6 3. e5 Nd5 4. Nf3 Nc6 (4... e6 5. Bc4 d6 6. O-O Be7 7. d4
cxd4 8. cxd4 O-O 9. Qe2 Bd7 10. Nc3 Nxc3 11. bxc3 Bc6 12. Bf4 Qc7 (12... Bxf3
$142 13. Qxf3 Nc6 $14 {Sveshnikov}) 13. exd6 Bxd6 14. Bxd6 Qxd6 15. Ne5 Nd7 16.
f4 Rac8 17. Bb3 Nb6 $6 18. Rad1 Nd5 19. Rd3 $16 {Sveshnikov,E-Gorjatschkin,W
Boeblingen 1991}) 5. Bc4 Nb6 6. Be2 $5 {N} (6. Bb3 d5 7. exd6 exd6 8. d4 Bg4 9.
h3 Bh5 10. Be3 Be7 11. dxc5 dxc5 12. Na3 O-O 13. O-O Qc8 14. Bf4 Rd8 15. Qe2
Bf8 16. Rfe1 Qf5 17. Bg3 Bxf3 18. Qxf3 Qxf3 19. gxf3 Rd7 20. Rad1 $14 {
Iwantschuk,W-Kasparov,G Dortmund,1992}) 6... d6 7. exd6 Qxd6 (7... exd6 8. d4
Be7 9. d5 $5 Nb8 10. a4 O-O 11. a5 N6d7 12. Bf4 Nf6 13. h3 Bf5 14. O-O $14) (
7... e6 $5 8. d4 cxd4 9. Nxd4 Nxd4 10. Qxd4 Qxd6 11. Qxd6 Bxd6 12. a4 $5 $13)
8. O-O g6 9. d3 Bf5 (9... Bg7 10. Na3 O-O 11. Nb5 (11. Be3 $6 Nd5) 11... Qd8
12. Be3 a6 13. Na3 Nd7 (13... Qd6 14. Nc4 $14) 14. d4 cxd4 15. Nxd4 Nxd4 16.
Bxd4 e5 17. Be3 $14) 10. Na3 Bg7 (10... O-O-O $2 11. Ng5 Qf6 12. Qb3 $16) (
10... Rd8 11. d4 (11. Nb5 Qb8 12. d4 a6) 11... cxd4 12. Nb5 Qb8 13. Nbxd4 Nxd4
14. Nxd4 Bg7 (14... e5 $6 15. Qe1 Bd7 16. Bg5 $16) 15. Bg5 $13) 11. Be3 Nd5 $2
(11... a6 $142 12. Nc4 Nxc4 13. dxc4 O-O 14. Qxd6 exd6 15. Rad1 Rad8 16. Rd2
$14 {><d6}) 12. Nc4 Qd7 13. Bxc5 b6 14. Ba3 O-O (14... Bxc3 15. bxc3 Nxc3 16.
Qd2 Nxe2+ 17. Qxe2 Bxd3 18. Qb2 $18) (14... Nf4 15. d4 $16 {/\Ne5}) (14... b5
15. Ne3 Nxe3 16. fxe3 a5 17. Bc5 $16) 15. Ne3 Nf4 16. Nxf5 Qxf5 17. g3 Nxe2+
18. Qxe2 Rfd8 19. d4 $16 Rac8 20. Rfe1 e6 21. Qe4 Qxe4 22. Rxe4 Rd7 23. Rae1
Na5 24. Nd2 Rd5 25. R4e2 g5 $5 (25... Rb5 $142 26. Bb4 (26. Re3 Bh6 27. f4 g5
$132) (26. h4 $1 {/\Re3,b3}) 26... Nc6 27. a4 $2 Rxb4 28. cxb4 Nxd4 29. Re3 (
29. Re4 Rc2 $17) 29... Nc2 30. Rc1 Bxb2 $17) 26. g4 $1 {/\Re3,/\Nf1} h6 27. Nf1
Rd7 28. Ne3 Nc6 29. Kg2 a5 $2 (29... Na5 $16) 30. Nc4 Rb8 31. Bd6 $18 Rbb7 32.
a4 b5 33. axb5 Rxb5 34. Ra1 Bf8 35. Bg3 Be7 36. Ra2 Ra7 37. Re1 Rab7 38. Ra4
Kh7 39. h3 Kg7 40. Rea1 Kg6 41. Bd6 Bd8 42. Re1 Bc7 43. Ba3 Bf4 $2 44. Bd6 (44.
Bd6 Rd7 45. Bxf4 gxf4 46. Kf3 Kg5 47. h4+ $18) 1-0

[Event "GER-ch 70th"]
[Site "Bremen"]
[Date "1998.11.06"]
[Round "1"]
[White "Dautov, Rustem"]
[Black "Meins, Gerlef"]
[Result "1-0"]
[WhiteElo "2625"]
[BlackElo "2455"]
[Annotator "Dautov,R"]
[PlyCount "73"]
[EventDate "1998.11.06"]
[EventType "swiss"]
[EventRounds "9"]
[EventCountry "GER"]
[SourceTitle "CBM 068"]
[Source "ChessBase"]
[SourceDate "1999.02.01"]
[SourceVersion "1"]
[SourceVersionDate "1999.02.01"]
[SourceQuality "1"]

1. d4 d5 2. c4 dxc4 3. Nf3 Nf6 4. e3 e6 5. Bxc4 c5 6. O-O a6 7. Bb3 Be7 8. Nc3
Nc6 9. Qe2 cxd4 10. Rd1 O-O (10... e5 $5 11. exd4 exd4 12. Nxd4 Nxd4 13. Qe5
Qd6 14. Qxd6 Bxd6 15. Rxd4 Be5 16. Rb4 O-O 17. Bf4 a5 18. Rc4 Bxf4 19. Rxf4 Ra6
$11 {Zvjaginsev,V-Kortschnoj,V/Bern 1996}) 11. Nxd4 $1 Nxd4 (11... Qc7 12. Nxc6
Qxc6 13. e4 $14) 12. exd4 {/\d5} Nd5 (12... Bd7 13. d5 exd5 14. Nxd5 Nxd5 15.
Rxd5 $16) (12... Bd6 13. Bg5 $16) 13. Qf3 (13. Qe4 $5) 13... Nxc3 14. bxc3 Bd6
$146 (14... Qc7 15. c4 Bd6 16. c5 Be7 17. Bf4 Qd7 18. Rac1 Qc6 19. d5 $16 {
Kasparov,G-Spangenberg,H/Buenos Aires 1997}) (14... Rb8 $5 {/\Bd7,/\b5} 15. d5
(15. Bf4 Bd6 16. Qg3 Bxf4 17. Qxf4 Bd7 $14) 15... Qc7 (15... e5 $2 16. d6 $1
Bxd6 $2 17. Ba3 $18) (15... exd5 16. Bf4 Ra8 17. Bxd5 $16) 16. dxe6 (16. Bf4 e5
$13) 16... fxe6 17. Qh3 $14) 15. c4 Qf6 16. Qxf6 gxf6 17. c5 Be7 (17... Bc7 18.
Bb2 $1 f5 (18... Rd8 19. d5 $18) 19. d5 exd5 20. Bxd5 Rb8 21. Re1 $16) 18. Be3
$1 {/\d5} (18. Bh6 Rd8 19. Rd3 Kh8 20. Rg3 Rg8 21. Rxg8+ Kxg8 $14) 18... Rd8 (
18... Bd7 19. d5 exd5 20. Bxd5 Bc6 21. Bxc6 bxc6 22. Rd7 Rfe8 23. Rb1 Rab8 24.
Rxb8 Rxb8 25. g3 Kf8 26. Ra7 $16) 19. d5 $16 Bd7 20. d6 Bf8 21. f4 {/\f5} f5
22. Rab1 Bc6 23. Bc4 {/\Be2-f3} Bg7 24. Rdc1 Rac8 25. Be2 e5 (25... Be4 26. Rb4
Kf8 27. Bf3 Bxf3 28. gxf3 Rd7 29. Rcb1 $18) 26. fxe5 Bxe5 27. g3 Be4 28. Rb4
Kg7 29. Kf2 Kf6 30. Bf3 $18 Bxf3 31. Kxf3 Rd7 32. Rcb1 Rb8 33. c6 Rxd6 34. cxb7
Rd3 35. R1b3 Rxb3 36. Rxb3 Re8 37. Rb6+ 1-0

[Event "DDR-ch26 Final"]
[Site "Frankfurt/Oder"]
[Date "1977.02.17"]
[Round "7"]
[White "Braun, Gottfried"]
[Black "Dietze, Wolfgang"]
[Result "0-1"]
[WhiteElo "2360"]
[BlackElo "2340"]
[Annotator "Dietze,W"]
[PlyCount "55"]
[EventDate "1977.02.11"]
[EventType "tourn"]
[EventRounds "15"]
[EventCountry "DDR"]
[SourceTitle "EXT 2000"]
[Source "ChessBase"]
[SourceDate "1999.11.16"]
[SourceVersion "1"]
[SourceVersionDate "1999.11.16"]
[SourceQuality "1"]

1. e4 c5 2. c3 Nc6 $6 3. d4 g6 $5 4. dxc5 (4. d5) 4... Bg7 5. Be3 Nf6 6. Nd2
O-O 7. f3 $6 {Vergibt wahrscheinlich schon den Vorteil} (7. Be2 $142) 7... d5
$1 8. cxd6 exd6 9. Ne2 (9. c4 Ne8) 9... d5 10. Nf4 Re8 11. Bb5 Bf5 $5 (11...
Bd7 $11) 12. g4 (12. O-O dxe4 $15) 12... dxe4 13. Bxc6 (13. gxf5 $2 exf3 14.
Qxf3 Qb6 $1) 13... bxc6 14. gxf5 exf3 15. Qxf3 Qe7 $2 (15... Qb6 16. Nc4 Qc5 $1
{war stärker. Jetzt sollte sich Weiß erfolgreich verteidigen können.}) 16. Nf1
$1 {Dies hatte ich in der Vorausberechnung übersehen.} (16. Nc4 $6 Nd5 $1)
16... g5 $5 17. Nh5 Nxh5 18. Qxh5 Rab8 19. Qe2 (19. O-O-O $2 Bxc3 $1 20. bxc3
Qa3+ 21. Kd2 Rb2+ 22. Ke1 Qxc3+ 23. Rd2 Rxe3+ 24. Nxe3 Qxd2+) 19... Be5 $1 20.
Kf2 $2 (20. Rg1 $1 Bf4 21. O-O-O $1 Bxe3+ 22. Nxe3 Qxe3+ 23. Qxe3 Rxe3 24.
Rxg5+ $14) 20... Bf4 21. Re1 Qe4 22. Kg1 (22. Qf3 Rxb2+) 22... Qxf5 23. b3 Re6
$1 24. Qf2 Rbe8 25. h3 (25. Bd2 Rxe1 26. Bxe1 Qg4+ 27. Qg2 (27. Ng3 Be3) 27...
Qxg2+ 28. Kxg2 Rxe1 $19) 25... Qd3 26. Bxf4 (26. Bd2 Rxe1 27. Bxe1 Re2 $1)
26... Rxe1 27. Bc7 (27. Bxg5 Rxf1+ 28. Qxf1 Qg3+ 29. Qg2 Re1#) 27... R8e2 28.
Qf6 0-1

[Event "Novgorod op"]
[Site "Novgorod"]
[Date "1995.??.??"]
[Round "6"]
[White "Smagin, Sergey"]
[Black "Dvoirys, Semen I"]
[Result "1/2-1/2"]
[WhiteElo "2540"]
[BlackElo "2550"]
[Annotator "Dolmatov,S"]
[PlyCount "116"]
[EventDate "1995.05.??"]
[EventType "swiss"]
[EventRounds "9"]
[EventCountry "RUS"]
[SourceTitle "EXT 2000"]
[Source "ChessBase"]
[SourceDate "1999.11.16"]
[SourceVersion "1"]
[SourceVersionDate "1999.11.16"]
[SourceQuality "1"]

1. e4 c5 2. c3 Nf6 3. e5 Nd5 4. d4 cxd4 5. Nf3 Nc6 6. Bc4 Nb6 7. Bb3 d5 8. exd6
Qxd6 9. O-O Be6 10. Na3 dxc3 $6 (10... Bxb3 $5 11. Qxb3 Rc8 12. Nb5 Qd5 13.
Nfxd4 Qxb3 14. axb3 $14) 11. Qe2 Bxb3 12. Nb5 Qb8 13. axb3 e5 14. bxc3 $5 {N} (
14. Nfd4 Nxd4 15. Nxd4 f6 16. bxc3 Kf7 17. Nb5 a6 $13 {Solovjev,S-Vaulin,A/URS/
1988/Inf 47/205/}) 14... Be7 (14... a6 $6 15. Nbd4 $40) 15. Bg5 f6 (15... Bxg5
$6 16. Nxg5 O-O 17. Qe4 f5 18. Qh4 h6 19. Ne6 $16) 16. Be3 O-O 17. Nxa7 Rxa7
18. Bxb6 Rxa1 19. Rxa1 $16 f5 (19... Qd6 20. Qc4+ (20. Rd1 Qe6 $132) 20... Kh8
21. b4 $40) 20. b4 $1 e4 21. b5 exf3 (21... Ne5 $5 22. Nxe5 Qxe5 23. Qc4+ Kh8
24. Bd4 Qd6 25. Ra7 $16) 22. Qe6+ Rf7 (22... Kh8 23. bxc6 Bd6 24. cxb7 Bxh2+
25. Kh1 $16) 23. bxc6 bxc6 24. Qxc6 Bf8 25. Qe6 (25. Ra8 $5 Qf4 (25... Qe5 26.
Re8 Re7 (26... Qf4 27. Be3 Qg4 (27... Qc7 $2 28. Rxf8+ Kxf8 29. Bc5+ $18) 28.
g3 $16) 27. Qc4+ $18) 26. Be3 Qe4 27. Qxe4 fxe4 28. Bc5 g5 $14) (25. gxf3 $16)
25... Qd6 26. Qxd6 Bxd6 27. c4 (27. gxf3 Rb7 28. Ra8+ (28. Bd4 Kf7 $14) 28...
Kf7 29. Ra7 Rxa7 30. Bxa7 Ke6 $10) 27... Rb7 28. c5 Bc7 29. Ra6 (29. gxf3 Bxb6
$3 30. Rb1 Bxc5 31. Rxb7 g6 32. Kf1 Bd4 33. Ke2 h5 $10) 29... fxg2 30. Kxg2 Kf7
$10 31. h3 Ke7 32. Kf3 Bxb6 33. cxb6 Ke6 34. Kf4 h6 35. h4 g6 36. Ke3 g5 37.
hxg5 hxg5 38. Kd4 Kd6 39. Kc4 Kc6 40. Ra5 Rxb6 41. Rxf5 Rb2 42. Kd4 Kd6 43. Ke3
Rb3+ 44. Ke4 Rb4+ 45. Kf3 Ke6 46. Rxg5 Kf6 47. Rd5 Ra4 48. Kg3 Ra1 49. Rd8 Ra4
50. Rf8+ Kg6 51. Rf4 Ra5 52. Rb4 Kf5 53. Rh4 Ra3+ 54. f3 Rb3 55. Rh5+ Kg6 56.
Re5 Kf6 57. Rd5 Rb4 58. Rh5 Ra4 1/2-1/2

[Event "Novgorod op"]
[Site "Novgorod"]
[Date "1995.??.??"]
[Round "8"]
[White "Smagin, Sergey"]
[Black "Bologan, Viktor"]
[Result "0-1"]
[WhiteElo "2540"]
[BlackElo "2540"]
[Annotator "Dolmatov,S"]
[PlyCount "134"]
[EventDate "1995.05.??"]
[EventType "swiss"]
[EventRounds "9"]
[EventCountry "RUS"]
[SourceTitle "EXT 2000"]
[Source "ChessBase"]
[SourceDate "1999.11.16"]
[SourceVersion "1"]
[SourceVersionDate "1999.11.16"]
[SourceQuality "1"]

1. e4 c5 2. c3 Nf6 3. e5 Nd5 4. d4 cxd4 5. Nf3 Nc6 6. Bc4 Nb6 7. Bb3 g6 $6 8.
cxd4 Bg7 (8... d6 9. Ng5 e6 10. Qf3 $40) 9. Bf4 $5 (9. O-O $6 d6 10. exd6 (10.
Qe2 O-O $132) 10... Qxd6 11. d5 Na5 (11... Ne5 $6 12. Bf4 Bg4) 12. Ba4+ Bd7 13.
Bxd7+ Qxd7 14. Nc3 Nac4 $132) 9... d6 (9... O-O $2 10. d5 $16) 10. exd6 O-O (
10... exd6 11. Qe2+ $6 Qe7 12. Bxd6 (12. Qxe7+ $6 Kxe7) 12... Qxe2+ 13. Kxe2
Nxd4+ 14. Nxd4 Bxd4 15. Nc3 Bg4+ 16. Kd3 O-O-O 17. Nb5 $40) 11. h3 (11. dxe7 $2
Qxe7+ 12. Be3 Bg4 13. O-O Bxf3 14. Qxf3 Nxd4 $10) 11... exd6 12. O-O $14 Na5
13. Nc3 (13. Bc2 $6 Be6 14. Nc3 Nd5 $10) 13... Nxb3 14. Qxb3 Bf5 (14... Be6 $6
15. d5 Bf5 16. Rad1 Rc8 17. Nd4 $14) 15. Rfe1 $6 (15. a4 $5 Bd3 $6 16. Rfd1 Bc4
17. Qb4 $14) 15... Qd7 16. a4 Rac8 17. Nb5 $6 (17. a5 $32 Nc4 18. Qb4 (18. Ra4
$2 Nxb2 19. Qxb2 Rxc3 20. Qxc3 Qxa4 21. Bxd6 Rc8 $15) 18... Rfd8 (18... Rfe8 $2
19. Rxe8+ $16 (19. b3 $2 Nb2)) 19. Bg5 f6 $13) 17... Be6 18. Qd1 Nc4 19. Bc1 $2
(19. b3 a6 $1 20. bxc4 axb5 21. cxb5 Rc4 22. Be3 Bd5 $44) 19... a6 20. Nc3 Qc7
(20... d5 $2 21. b3 Nd6 22. Bb2 $10) 21. Re2 (21. b3 $2 Na5) (21. Ng5 Qb6 $1
22. Nxe6 fxe6 $17) 21... Qa5 $17 22. Qe1 h6 23. Rb1 $2 (23. b3 $32 Nb6 24. Bd2
Qh5 $1 (24... Bxb3 $2 25. Nb5 $16) 25. Ne4 Bxb3 26. Nxd6) 23... Bf5 24. b4 Qd8
25. Rb3 Bd3 26. Ra2 $8 (26. Re7 $2 Bc2 $19) 26... Nb6 (26... Re8 27. Qd1 Bf5
28. a5) 27. Raa3 (27. Rd2 Bc4 28. Ra3 Re8 $17) 27... Bf5 28. a5 Nc4 29. Ra2 Be6
30. d5 $6 (30. Qd1 $5 Qc7 31. d5 Bf5 $17) 30... Bf5 31. Bf4 g5 32. Bg3 Re8 33.
Ne2 (33. Re2 Bc2) 33... Qf6 34. Qd1 Qg6 $19 35. Ned4 Be4 36. Re2 Bxd5 37. Rc3
f5 38. Rxe8+ Rxe8 39. Nb5 Bxf3 40. Rxf3 axb5 41. Qd5+ Qe6 42. Rxf5 Qxd5 43.
Rxd5 Be5 44. Rxb5 Bxg3 45. fxg3 Re7 46. h4 g4 47. Rd5 Rd7 48. Kf2 Kf7 49. Rh5
Kg6 50. Rd5 Kf6 51. Ke2 Ne5 52. Ke3 Ke6 53. Rb5 Rc7 54. Ke4 Nd7 55. Kd4 Nf6 56.
Kd3 Nd7 57. Kd4 Ne5 58. Ke4 Rc4+ 59. Ke3 Nc6 60. Rxb7 Nxb4 61. a6 Nxa6 62. Rh7
Ke5 63. Rxh6 Rc3+ 64. Kf2 Nc5 65. Kg1 Ne4 66. Kh2 Rc1 67. Rh5+ Kd4 0-1